| 000 | 00922nam a22002417a 4500 | ||
|---|---|---|---|
| 005 | 20240530110611.0 | ||
| 008 | 161017s2015 ua g b 000 0 ara d | ||
| 017 |
_a2014/13420 _bمصر. دار الكتب |
||
| 020 | _a9789772767601 | ||
| 040 |
_aEG-CaGPL _cEG-CaGPL |
||
| 082 |
_221 _a306.3\ _bع د |
||
| 100 | 0 | _aعبدالرحمن سمير طعيمة | |
| 245 | 1 | 0 |
_aدور راس المال الاجتماعى فى التنمية = _bThe Rol of Social Captal in Development / _cعبدالرحمن سمير طعيمة |
| 250 | _aط. 1 | ||
| 260 |
_aالقاهرة : _c2015 . |
||
| 300 |
_a128 ص. ؛ _c24 سم. |
||
| 504 | _aيشتمل على ارجاعات ببليوجرافية | ||
| 650 | 0 | 7 |
_2qrmak _aالخدمات الاقتصادية |
| 650 | 0 | 7 |
_2qrmak _aالعلاقات الاجتماعية |
| 650 | 0 | 7 |
_2qrmak _aالمجتمع المدنى |
| 942 |
_2ddc _cBK |
||
| 999 |
_c62869 _d62869 |
||